000 00647nam a2200241 i 4500
001 C2-0270889
003 PPAK
005 20180728001128.0
008 060809s2004 my |||| ||||| | may d
040 _aPPAK
_beng
_cPPAK
_erda
082 0 4 _a172.209595
_223
090 0 0 _a172.209595
_bINS
_dKAR
245 0 0 _aPelan Integriti Nasional (PIN)
264 1 _aSarawak :
_bInstitut Integriti Malaysia ,
_c2004
300 _a16 pages ;
_c30 cm
336 _2rdacontent
_atext
337 _2rdamedia
_aunmediated
338 _2rdacarrier
_avolume
500 _aKertas Kerja
650 1 0 _aCivil service-Malaysia
700 _eauthor
942 _ddc
_cB
999 _c79357
_d79357